000
00250nam a2200097 a 4500
005
20200930070708.0
008
110920s1690 000 spa d
245
0
_a
Tractatvs de secunda supplicatione sive...
260
_a
s.l.,
_c
1690.
999
_c
33496
_d
33496
040
_a
DO-SdBNP